000 00536nam a2200181 4500
001 132692
003 ES-MaACL
005 20251011063135.0
007 t|
008 070214s1969 mx r ||||1| spa d
100 0 _aRos, Antonio,
_c(Médico)
_999566
245 1 4 _aLos angeles también matan /
_cAntonio Ros ; ilustraciones de Rivero Gil.
260 _aMéxico :
_bOais,
_c1969.
300 _a201 p. :
_bil. ;
_c20 cm.
700 1 _aRivero Gil.
_997699
852 _aES-MaACL
_jC-39806
_bR.71891
999 _c132692
_d132692